Brazil's landless hold their ground /

Guardado en:
書目詳細資料
主要作者: Vanden, Harry E.
格式: Texto
標簽: 添加標簽
沒有標簽, 成為第一個標記此記錄!

MARC

LEADER 00000 a a2200000 04500
001 10030
003
040
100 |a Vanden, Harry E.  
245 |a Brazil's landless hold their ground /  |c Harry E. Vanden 
773 |g volumen 38, número 5; páginas 21-27  
999 |c 27260  |d 27260